El Mito del coste social (Record no. 7309)
[ view plain ]
| 000 -LEADER | |
|---|---|
| campo de control de longitud fija | 00820nam a2200229 i 4500 |
| 001 - NÚMERO DE CONTROL | |
| campo de control | 7309 |
| 003 - IDENTIFICADOR DE NÚMERO DE CONTROL | |
| campo de control | ES-MaACL |
| 005 - FECHA Y HORA DE LA ÚLTIMA TRANSACCIÓN | |
| campo de control | 20250902223818.0 |
| 007 - CAMPO FIJO DE DESCRIPCIÓN FÍSICA--INFORMACIÓN GENERAL | |
| campo de control de longitud fija | t| |
| 008 - DATOS DE LONGITUD FIJA--INFORMACIÓN GENERAL | |
| campo de control de longitud fija | 901119s1980 sp ||||1| spa d |
| 020 ## - NÚMERO INTERNACIONAL ESTÁNDAR DEL LIBRO | |
| Número Internacional Estándar del Libro | 84-7209-103-1 |
| 080 ## - NÚMERO DE LA CLASIFICACIÓN DECIMAL UNIVERSAL | |
| Número de la Clasificación Decimal Universal | 330.172 |
| 100 1# - ENTRADA PRINCIPAL--NOMBRE DE PERSONA | |
| Nombre de persona | Cheung, Steven N. S. |
| 9 (RLIN) | 38403 |
| 245 13 - MENCIÓN DEL TÍTULO | |
| Título | El Mito del coste social |
| Resto del título | : critica de la economia del bienestar y de sus implicaciones politicas / |
| Mención de responsabilidad, etc. | Steven N. S. Cheung ; con un prologo de John Burton y un epilogo de Charles K. Rowley. |
| 260 ## - PUBLICACIÓN, DISTRIBUCIÓN, ETC. | |
| Lugar de publicación, distribución, etc. | Madrid : |
| Nombre del editor, distribuidor, etc. | Union Editorial, |
| Fecha de publicación, distribución, etc. | D.L. 1980. |
| 300 ## - DESCRIPCIÓN FÍSICA | |
| Extensión | 133 p. ; |
| Dimensiones | 21 cm. |
| 650 #7 - PUNTO DE ACCESO ADICIONAL DE MATERIA--TÉRMINO DE MATERIA | |
| Término de materia o nombre geográfico como elemento de entrada | Economía del bienestar |
| Fuente del encabezamiento o término | embne |
| 9 (RLIN) | 142910 |
| 700 1# - ENTRADA AGREGADA--NOMBRE PERSONAL | |
| Nombre de persona | Burton, John, |
| Término indicativo de función/relación | |
| 9 (RLIN) | 195403 |
| 700 1# - ENTRADA AGREGADA--NOMBRE PERSONAL | |
| Nombre de persona | Rowley, Charles K., |
| Término indicativo de función/relación | |
| 9 (RLIN) | 227878 |
| 852 ## - LOCALIZACIÓN | |
| Ubicación | ES-MaACL |
| Número de control de estantería | L-14530 |
| Sublocalización o colección | R.118412 |
| Nota libre | . - rust. |
| Estatus retirado | Estado de pérdida | Estado de daño | No para préstamo | Biblioteca de origen | Biblioteca actual | Ubicación en estantería | Fecha de adquisición | Fuente de adquisición | Total de préstamos | Signatura topográfica completa | Código de barras | Visto por última vez | Precio de reemplazo | Tipo de ítem Koha |
|---|---|---|---|---|---|---|---|---|---|---|---|---|---|---|
| Biblioteca del Ateneo de Madrid | Biblioteca del Ateneo de Madrid | Depósito 2 | 17/01/2008 | L-14530 | 1007455 | 23/02/2023 | 23/02/2023 | Libro impreso |
